| 000 | 00677nam a2200241Ia 4500 | ||
|---|---|---|---|
| 003 | OSt | ||
| 005 | 20221005130537.0 | ||
| 006 | a|||||r|||| 00| 0 | ||
| 007 | ta | ||
| 008 | 221004b |||||||| |||| 00| 0 eng d | ||
| 024 | _a43382 | ||
| 037 | _cTextual | ||
| 040 |
_aCRL _cCRL _beng |
||
| 041 |
_2eng _aeng |
||
| 082 | _aO:1M12aN5, J3 | ||
| 100 |
_aBroughton Leslie Nathan, etc Ed. _9638287 |
||
| 245 | 0 |
_aRobert Browning _b A bibliography, 1830-1950 |
|
| 260 | _c1953 | ||
| 490 | _aCornell studies in English; 39 | ||
| 650 | _aENGLISH LITERATURE | ||
| 942 |
_hO:1M12aN5, J3 _cTEXL _2cc |
||
| 999 |
_c1057608 _d1057608 |
||